| 000 | 00638cam a2200229 4500 | ||
|---|---|---|---|
| 001 | sa 68020503 | ||
| 003 | DLC | ||
| 005 | 20260227112725.0 | ||
| 008 | 740404s1958 io 00010 eng | ||
| 010 | _asa 68020503 //r832 | ||
| 025 | _aPL480:Indo-6402 | ||
| 041 | 1 | _aengund | |
| 050 | 0 |
_aBP10 _b.M82213 |
|
| 110 | 2 | 0 | _aMuhammadiyah (Organization) |
| 240 | 1 | 0 |
_aAnggaran dasar. _lEnglish |
| 245 | 0 | 0 | _aStatutes of the djamiat Muhammadijah. |
| 250 | _a1st English ed. | ||
| 260 | 0 |
_aJogjakarta, _bUsaha Faida, _c1958. |
|
| 300 |
_a7 p. _c21 cm. |
||
| 500 | _aTranslation of Anggaran dasar. | ||
| 610 | 2 | 0 | _aMuhammadiyah (Organization) |
| 999 |
_c89463 _d89463 |
||